|
|
|
|
| LEADER |
00000nam2a2200000 4500 |
| 001 |
197808 |
| 005 |
20231101224757.0 |
| 010 |
|
|
|a 9785859718986
|
| 035 |
|
|
|a (RuTPU)RU\TPU\book\215773
|
| 035 |
|
|
|a RU\TPU\book\169035
|
| 035 |
|
|
|a RU\TPU\book\125046
|
| 090 |
|
|
|a 197808
|
| 100 |
|
|
|a 20110617d2009 m y0rusy50 ca
|
| 101 |
0 |
|
|a rus
|
| 102 |
|
|
|a RU
|
| 105 |
|
|
|a a j 001zy
|
| 200 |
0 |
|
|a Т. 2: Электричество и магнетизм. Волны. Оптика
|
| 210 |
|
|
|d 2009
|
| 215 |
|
|
|a 576 с.
|c ил.
|
| 320 |
|
|
|a Предметный указатель: с. 561-570.
|
| 330 |
|
|
|a «Курс общей физики» И. В. Савельева охватывает все разделы современной физики и выпускается в четырех томах. Содержание второго тома составляют учения об электромагнетизме, упругих, электромагнитных и световых волнах. Настоящий курс соответствует программам по физике для втузов. Для студентов высших учебных заведений, обучающихся по техническим направлениям и специальностям.
|
| 461 |
|
1 |
|0 (RuTPU)RU\TPU\book\216011
|y 978-5-390-00351-0
|t Курс общей физики
|o учебное пособие
|o в 4 т.
|f И. В. Савельев
|g под ред. В. И. Савельева
|v Т. 2: Электричество и магнетизм. Волны. Оптика
|d 2009
|
| 606 |
1 |
|
|a Физика
|2 stltpush
|3 (RuTPU)RU\TPU\subj\63709
|9 80688
|
| 610 |
1 |
|
|a электричество
|
| 610 |
1 |
|
|a магнетизм
|
| 610 |
1 |
|
|a электрическое поле
|
| 610 |
1 |
|
|a вакуум
|
| 610 |
1 |
|
|a диэлектрики
|
| 610 |
1 |
|
|a проводники
|
| 610 |
1 |
|
|a энергия
|
| 610 |
1 |
|
|a постоянный электрический ток
|
| 610 |
1 |
|
|a магнитное поле
|
| 610 |
1 |
|
|a электромагнитная индукция
|
| 610 |
1 |
|
|a уравнения Максвелла
|
| 610 |
1 |
|
|a заряженные частицы
|
| 610 |
1 |
|
|a металлы
|
| 610 |
1 |
|
|a электропроводность
|
| 610 |
1 |
|
|a газ
|
| 610 |
1 |
|
|a электрические колебания
|
| 610 |
1 |
|
|a упругие волны
|
| 610 |
1 |
|
|a электромагнитные волны
|
| 610 |
1 |
|
|a оптика
|
| 610 |
1 |
|
|a свет
|
| 610 |
1 |
|
|a интерференция
|
| 610 |
1 |
|
|a дифракция
|
| 610 |
1 |
|
|a поляризация
|
| 610 |
1 |
|
|a учебные пособия
|
| 675 |
|
|
|a 53(075.8)
|v 3
|
| 801 |
|
1 |
|a RU
|b 63413507
|c 20090319
|g PSBO
|
| 801 |
|
2 |
|a RU
|b 63413507
|c 20110623
|g PSBO
|
| 900 |
|
|
|a Физика
|
| 900 |
|
|
|a Общая физика
|
| 900 |
|
|
|a Электричество и магнетизм
|
| 900 |
|
|
|a Электричество, магнетизм, волны
|
| 900 |
|
|
|a Оптика
|
| 900 |
|
|
|a Современные проблемы науки и производства
|
| 942 |
|
|
|c BK
|
| 951 |
|
|
|a 550000
|